MDQL
is popping MORE tags! Check the
thread
!
Quizzes
Events
Quiz Creation
Community
Videos
Private Events
Remove Ads
Sign In
Join for FREE
Feedback
Dark Mode
Quiz Categories
Sports
Geography
Music
Movies
Television
Just For Fun
Miscellaneous
History
Literature
Language
Science
Gaming
Entertainment
Religion
Holiday
For Kids
Quiz Lab
Recent
Popular Today
Quiz Kudos Today
Editor Picks
Curator Picks
Quizzes by...
Day
Popularity
Type
Ratings
Length
Year
Community
Subscriptions
Recent Discussions
Orange Saloon
Badges
Playlists
Quests
Create
Leaderboards
Showdown
Live 5
Trivia Bingo
Activity
Puzzle Library
Sporcle Events
Private Events
Virtual Trivia
Globe League
Become a Host
Pub Owners
SporcleCon
Opinionation
Our Games
Videos
Blog
Mobile Apps
Partnerships
Remove Ads and Go Orange
Feedback
Music
Pop Music
The Beatles
Song
Album
Lyrics
Bands
Singers
Artist
Clip
Rock
Rap
Classical
Billboard
Country Music
Kpop
Taylor Swift
Music
Pop Music
The Beatles
Song
Album
Lyrics
Bands
Singers
Artist
Clip
Rock
Rap
Classical
Billboard
Country Music
Kpop
Taylor Swift
Random Quiz
Search Sporcle
×
Quiz Lab
Quiz Lab
Music
Album
Type in answers that appear in a list
Type in answers that appear in a list
Classic
Best Score? Go Orange.
Bikini Kill Songs Stats
Can you name the Bikini Kill Songs?
By
mscott
7m
58 Questions
99 Plays
99 Plays
99 Plays
Comments
Comments
Give Quiz Kudos
Give Quiz Kudos
-
- Ratings
hide this ad
Replay
Link that replays current quiz
Next Quiz
Link to next quiz in quiz playlist
You Got
0%
They Got
Avg Score
49%
Avg Friend Score
Upgrade to see
Score Distribution
Jump to the score distribution portion of the page
Score
0/58
Timer
07:00
0
Plays Today
Album
Songs
% Correct
Yeah Yeah Yeah Yeah
Rebel Girl
96%
Pussy Whipped
Rebel Girl
96%
The Singles
Rebel Girl
96%
Revolution Girl Style Now!
Carnival
66.7%
Bikini Kill
Carnival
66.7%
Reject All American
Reject All American
66.7%
Peel Sessions
New Radio
64.6%
The Singles
New Radio
64.6%
Pussy Whipped
Alien She
63.6%
Revolution Girl Style Now!
Double Dare Ya
62.6%
Bikini Kill
Double Dare Ya
62.6%
Revolution Girl Style Now!
Suck My Left One
60.6%
Bikini Kill
Suck My Left One
60.6%
The Singles
I Like ****
60.6%
Revolution Girl Style Now!
Feels Blind
59.6%
Bikini Kill
Feels Blind
59.6%
The Singles
I Hate Danger
57.6%
Yeah Yeah Yeah Yeah
White Boy
55.6%
Peel Sessions
Demirep
55.6%
The Singles
Demirep
55.6%
Pussy Whipped
Hamster Baby
54.5%
Pussy Whipped
For Tammy Rae
54.5%
The Singles
Strawberry Julius
53.5%
Pussy Whipped
Star Bellied Boy
51.5%
Peel Sessions
Star Bellied Boy
51.5%
Pussy Whipped
Sugar
49.5%
Pussy Whipped
Star Fish
49.5%
Pussy Whipped
Magnet
48.5%
Pussy Whipped
Blood One
46.5%
Album
Songs
% Correct
Revolution Girl Style Now!
Candy
45.5%
Revolution Girl Style Now!
Liar
45.5%
Bikini Kill
Liar
45.5%
The Singles
Rah! Rah! Replica
45.5%
Pussy Whipped
Speed Heart
44.4%
Revolution Girl Style Now!
This Is Not A Test
43.4%
Yeah Yeah Yeah Yeah
This Is Not A Test
43.4%
Reject All American
Bloody Ice Cream
42.4%
Pussy Whipped
Lil' Red
41.4%
Reject All American
Capri Pants
41.4%
The Singles
Anti-Pleasure Dissertation
40.4%
Reject All American
R.I.P.
40.4%
Bikini Kill
Thurston Hearts The Who
39.4%
Pussy Whipped
Tell Me So
39.4%
The Singles
In Accordance To Natural Law
39.4%
Reject All American
Tony Randall
39.4%
Yeah Yeah Yeah Yeah
Don't Need You
37.4%
Yeah Yeah Yeah Yeah
Jigsaw Youth
37.4%
Reject All American
Finale
34.3%
Reject All American
Jet Ski
34.3%
Revolution Girl Style Now!
Daddy's Li'l Girl
33.3%
Yeah Yeah Yeah Yeah
Resist Psychic Death
33.3%
Reject All American
Statement Of Vindication
30.3%
Yeah Yeah Yeah Yeah
Outta Me
29.3%
Reject All American
For Only
28.3%
Reject All American
False Start
27.3%
Reject All American
Distinct Complicity
25.3%
Reject All American
No Backrub
24.2%
Peel Sessions
Not Right Now
17.2%
Quiz Playlist
Details
Report
Send in Message
Add To Playlist
Classic:
Type in answers that appear in a list
Quiz Source
Last Updated: Feb 16, 2017
Quiz Scoreboard
CHALLENGE
Sign Up to Join the Scoreboard
Show All
Scores
Hide
Comments
May contain spoilers
Recently Published
5x2 Blitz: Bands
by SL_Kpop136
Music
30s
Colored Red Africa Blitz
by spor1
Geography
30s
Find the 'City' Movie
by crazypaving
Movies
60s
More to Explore
Quiz From the Vault
Featured Blog Post
14 Easter Pick-up Lines to Find Eggs With
hide this ad
You Might Also Like...
Tags
Album Quiz
Song Quiz
bikini
kill
Today's Top Quizzes in Music
Browse Music
hide this ad
Today's Top Quizzes in Album
Browse Album
Top Contributed Quizzes in Music
1
5X2 Blitz: Bands II
2
Taylor Swift All Songs (2024)
3
5X2 Blitz: The Beatles
4
5X2 Blitz: Billboard
5
Taylor Swift Logic Puzzle
6
Taylor Swift Logic Puzzle II
7
5X2 Blitz: Album
8
5X2 Blitz: Billboard II
9
Music Artist by Three 2010s hits
10
5X2 Blitz: Rock
Explore More
Trending Topics
Kpop
Marvel
Crossword
Harry Potter
NBA
Disney
Anime
WWE
The Office
NFL
Country
Song
Pokémon
Soccer
Puzzle
hide this ad
More By:
mscott
Quiz
Plays
Rating
Category
Featured
Created
ABBA Songs
23,649
4.48
Music
Aug 16, 2011
The Complete Paul McCartney Part 1
1,045
5.00
Music
Nov 6, 2010
Bjork Songs
805
4.50
Music
Dec 24, 2011
Elvis Costello Songs 1977-1989
761
5.00
Music
Oct 18, 2010
Tori Amos Songs
549
5.00
Music
Sep 3, 2011
Go to Creator's Profile
Score Distribution
Quiz Creator Spotlight
mscott
Follow
Send a Message
Quizzes Created
-
Created Quiz Play Count
-
More By This Creator
Popular Quizzes Today
1
Find the 'City' Movie
2
5x2 Blitz: Bands
3
Colored Red Africa Blitz
4
The Countries of the World
5
Find the US States - No Outlines Minefield
6
Find the US States
7
9x9 Crossword: Cartoon Network
8
US States
More Music Quizzes
Draw a Guitar (Typing Challenge)
Curator's Pick
Trending Quizzes
Colored Red Africa Blitz II
Colored Red Europe Blitz I
Colored Red Africa Blitz III
Colored Red Europe Blitz II
Colored Red Europe Blitz III
Recently Updated
Champions League XIs: Real Madrid
pecheneg
Largest US Cities 1790-2010
pecheneg
Rides in Walt Disney World
pecheneg
Most Oscar Losses (Acting)
pecheneg
Beyoncé Albums
pecheneg
Leaping Animals
pecheneg
Reality TV Shows (A-Z)
bhenderson79
Rickey Henderson's Hall of Fame Teammates
pecheneg
Champions League XIs: Arsenal
pecheneg
Quick Pick: Celebrities in WWE's Hall of Fame
aduchscher
Trending Topics
Harry Potter
Anime
Crossword
Disney
NBA
Kpop
Marvel
Pokémon
Song
Puzzle
Soccer
WWE
Country
The Office
NFL
Your Account Isn't Verified!
In order to create a playlist on Sporcle, you need to verify the email address you used during registration. Go to your
Sporcle Settings
to finish the process.
Report this User
Report this user for behavior that violates our
Community Guidelines
.
Details:
Send Report
Go to the Sporcle.com Mobile Site →
Comments